000 00533nam a2200217Ia 4500
005 20241216010251.0
008 180423s9999||||xx |||||||||||||| ||und||
082 _a330
_bH58
100 _aHIRSHLEIFER, JACK Y OTRO
245 0 _aMICROECONOMIA, TEORIA Y APLICACIONES
250 _a0
260 _c1992
300 _a0 pag.
_c0 cm
341 _h0
490 _v0
_a0
505 _aCONSUMO/DEMANDA/UTILIDAD/PREFERENCIA/EMPRESA/
541 _d13-May-04
650 _aCIENCIAS SOCIALES
856 _zHumanidades
942 _cLIBRO
999 _c9958
_d9958